00382nam a2200145Ia 4500008004100000020001500041041001200056082001600068100001600084245007100100260002500171300000800196650001600204700001600220221030s9999 xx 000 0 und d a8120320972 aEnglish a105.23bKru aR. L. Kruse 0aData Structures & Program Design In Ccby R. L. Kruse, C. L. Tondo bPHIaNew Delhic2003 a671 aBE Computer aC. L. Tondo